00540nam a2200109Ia 4500008004100000020001800041100010200059245016100161260002700322650004100349856004000390171212s9999 xx 000 0 und d a9780833038036 aMarquis, Jefferson P.;Darilek, Richard E.;Castillo, Jasen J.;Thurston, Cathryn Quantic;Wong, Anny cMarquis, Jefferson P.;Darilek, Richard E.;Castillo, Jasen J.;Thurston, Cathryn Quantic;Wong, AnnyaAssessing the Value of U.S. Army International Activities bRAND Corporationc2006 aManagement & Organizational Behavior uwww.jstor.org/stable/10.7249/mg329a